[Event "Pan American-ch U20"]
[Site "Vila Santa Cecilia"]
[Date "2023.11.10"]
[Round "8.12"]
[White "Da Fonseca Pinto, Joao Gabriel Alves"]
[Black "Munoz Ramos, Christopher Matias"]
[Result "0-1"]
[WhiteElo "1762"]
[BlackElo "2038"]
[PlyCount "80"]
[EventDate "2023.11.06"]
[EventType "swiss"]
[EventRounds "9"]
[EventCountry "BRA"]
[SourceTitle "CB46_2023"]
[SourceDate "2023.11.15"]
[SourceVersion "1"]
[SourceVersionDate "2023.11.15"]
[SourceQuality "1"]

1. e4 c5 2. Nf3 d6 3. d4 cxd4 4. Nxd4 Nf6 5. Nc3 a6 6. f3 e5 7. Nb3 Be6 8. Be3 Be7 9. Qd2 0-0 10. 0-0-0 Nbd7 11. g4 b5 12. g5 b4 13. Nd5 Nxd5 14. exd5 Bf5 15. h4 a5 16. Bd3 Bxd3 17. Qxd3 a4 18. Nd2 Qc7 19. Kb1 f5 20. gxf6 Bxf6 21. Ne4 Rfb8 22. Ng5 Bxg5 23. hxg5 g6 24. Rh6 Nf8 25. f4 b3 26. cxb3 axb3 27. a3 e4 28. Qd2 Rc8 29. Rc1 Qb7 30. Rhh1 Qb5 31. Rhd1 Rab8 32. Qd4 Qe2 33. Bd2 Rxc1+ 34. Rxc1 Rb5 35. Bb4 Qd3+ 36. Qxd3 exd3 37. Rc3 Rxd5 38. Kc1 Ne6 39. Rc6 Nxf4 40. Rxd6 Rxg5 0-1

[Event "Pan American-ch U20"]
[Site "Vila Santa Cecilia"]
[Date "2023.11.06"]
[Round "1.4"]
[White "Oro, Faustino"]
[Black "Munoz Ramos, Christopher Matias"]
[Result "1-0"]
[WhiteElo "2377"]
[BlackElo "2038"]
[PlyCount "77"]
[EventDate "2023.11.06"]
[EventType "swiss"]
[EventRounds "9"]
[EventCountry "BRA"]
[SourceTitle "CB46_2023"]
[SourceDate "2023.11.15"]
[SourceVersion "1"]
[SourceVersionDate "2023.11.15"]
[SourceQuality "1"]

1. e4 c5 2. Nf3 d6 3. d4 cxd4 4. Nxd4 Nf6 5. Nc3 a6 6. Bg5 e6 7. f4 Be7 8. Qf3 Qc7 9. 0-0-0 Nbd7 10. g4 b5 11. Bxf6 Nxf6 12. g5 Nd7 13. f5 0-0 14. Rg1 Ne5 15. Qg3 b4 16. Nce2 Bd7 17. Nf4 Nc6 18. fxe6 Nxd4 19. exf7+ Rxf7 20. Rxd4 Qc5 21. Rd5 Qc6 22. g6 hxg6 23. Nxg6 Rc8 24. Bd3 Bf6 25. Rh5 Bxb2+ 26. Kb1 Rff8 27. Ne7+ Kf7 28. Nxc6 Rxc6 29. Kxb2 Rg8 30. Rh7 Be6 31. Rxg7+ Rxg7 32. Qxg7+ Ke8 33. Qf6 Bf7 34. Rg7 Rc7 35. Qxd6 Rd7 36. Qb8+ Ke7 37. Bc4 Rd5 38. Bxd5 Kd7 39. Rxf7# 1-0

[Event "CHI-ch sf"]
[Site "Villa Alemana"]
[Date "2023.01.20"]
[Round "5"]
[White "Munoz Ramos, Christopher Matias"]
[Black "Escudero Donoso, Felipe"]
[Result "1/2-1/2"]
[WhiteElo "1917"]
[BlackElo "2117"]
[PlyCount "65"]
[EventDate "2023.01.18"]
[EventType "swiss"]
[EventRounds "8"]
[EventCountry "CHI"]
[SourceTitle "CBM 212 Extra"]
[Source "ChessBase"]
[SourceDate "2023.03.31"]
[SourceVersion "1"]
[SourceVersionDate "2023.03.31"]
[SourceQuality "1"]

1. d4 Nf6 2. c4 e6 3. Nf3 Bb4+ 4. Bd2 c5 5. Bxb4 cxb4 6. g3 b6 7. Bg2 Bb7 8. 0-0 0-0 9. Nbd2 a5 10. Qc2 d5 11. cxd5 exd5 12. Rac1 Nc6 13. e3 Rc8 14. Qd3 Qd6 15. e4 dxe4 16. Nxe4 Nxe4 17. Qxe4 Rfe8 18. Qd3 g6 19. Rfd1 Ne7 20. Qb5 Bd5 21. b3 Red8 22. Rxc8 Rxc8 23. Ne5 Bxg2 24. Kxg2 Qd5+ 25. Qxd5 Nxd5 26. Rd2 Rc1 27. Nc4 a4 28. Ne3 Nxe3+ 29. fxe3 a3 30. Kf3 f5 31. e4 fxe4+ 32. Kxe4 Kf7 33. Kd5 1/2-1/2

[Event "Pan American-ch School U09"]
[Site "Medellin"]
[Date "2019.11.15"]
[Round "6.2"]
[White "Munoz Ramos, Christopher Matias"]
[Black "Borre Meza, Orlando David"]
[Result "1-0"]
[WhiteElo "1477"]
[BlackElo "1310"]
[PlyCount "87"]
[EventDate "2019.11.12"]
[EventType "swiss"]
[EventRounds "9"]
[EventCountry "COL"]
[SourceTitle "EXT 2024"]
[Source "ChessBase"]
[SourceDate "2023.10.10"]
[SourceVersion "1"]
[SourceVersionDate "2023.10.10"]
[SourceQuality "1"]

1. d4 d5 2. c4 e6 3. Nc3 Nf6 4. cxd5 exd5 5. Bf4 Be7 6. e3 0-0 7. h3 Nbd7 8. Nf3 b6 9. Bd3 Bb7 10. 0-0 c5 11. Qc2 Rc8 12. Qa4 a6 13. Rac1 b5 14. Qd1 b4 15. Nb1 c4 16. Be2 Nb6 17. Ne5 Bd6 18. a3 a5 19. axb4 axb4 20. Bg5 Be7 21. Ng4 Ne4 22. Bxe7 Qxe7 23. Nd2 Bc6 24. Nxe4 Qxe4 25. Ne5 Qh4 26. Bg4 f5 27. Bf3 Bb5 28. Re1 Ra8 29. Qd2 Qe7 30. Ra1 Ra4 31. Rxa4 Bxa4 32. Ra1 Ra8 33. Nxc4 Nxc4 34. Bxd5+ Kh8 35. Bxc4 Bc6 36. Rxa8+ Bxa8 37. d5 Qd6 38. Qc2 g6 39. Qa4 Qf8 40. b3 Bb7 41. Qa7 Bc8 42. d6 Qxd6 43. Qa1+ Qd4 44. Qxd4# 1-0

[Event "Pan American-ch U08"]
[Site "Santiago de Chile"]
[Date "2018.07.25"]
[Round "5"]
[White "Munoz Ramos, Christopher Matias"]
[Black "Tejerina Lazarte, Juan Carlos"]
[Result "0-1"]
[WhiteElo "1166"]
[BlackElo "1235"]
[PlyCount "87"]
[EventDate "2018.07.22"]
[EventType "swiss"]
[EventRounds "9"]
[EventCountry "CHI"]
[SourceTitle "EXT 2022"]
[Source "ChessBase"]
[SourceDate "2021.10.06"]
[SourceVersion "1"]
[SourceVersionDate "2021.10.06"]
[SourceQuality "1"]

1. d4 d5 2. Nf3 Nf6 3. c4 c6 4. e3 g6 5. Bd3 Bg7 6. Nc3 0-0 7. 0-0 Nbd7 8. cxd5 cxd5 9. Qb3 a6 10. h3 b6 11. Bd2 Bb7 12. Qc2 Rc8 13. Ne5 Nxe5 14. dxe5 Nd7 15. f4 Re8 16. a4 e6 17. b4 Qe7 18. b5 a5 19. Qb2 Nc5 20. Bc2 Red8 21. Ne2 Ne4 22. Bxe4 dxe4 23. Rac1 Rxc1 24. Rxc1 Qd7 25. Nd4 f6 26. exf6 Bxf6 27. Bc3 e5 28. fxe5 Bxe5 29. Qd2 Qd6 30. Rd1 Bh2+ 31. Kh1 Be5 32. Qb2 Qc5 33. Rc1 Qd6 34. Ne2 Bxc3 35. Nxc3 Qd2 36. Qxd2 Rxd2 37. Rd1 Rxd1+ 38. Nxd1 Kg7 39. Kh2 Kf6 40. Kg3 Ke5 41. Nc3 Kd6 42. Ne2 Kc5 43. Kf4 Kb4 44. g4 0-1

[Event "Pan American-ch U08"]
[Site "Santiago de Chile"]
[Date "2018.07.23"]
[Round "2"]
[White "Munoz Ramos, Christopher Matias"]
[Black "Schnaider, Ilan"]
[Result "0-1"]
[WhiteElo "1166"]
[BlackElo "1716"]
[PlyCount "120"]
[EventDate "2018.07.22"]
[EventType "swiss"]
[EventRounds "9"]
[EventCountry "CHI"]
[SourceTitle "EXT 2022"]
[Source "ChessBase"]
[SourceDate "2021.10.06"]
[SourceVersion "1"]
[SourceVersionDate "2021.10.06"]
[SourceQuality "1"]

1. d4 Nf6 2. Nf3 g6 3. c4 Bg7 4. e3 0-0 5. Bd3 d6 6. Nc3 Nbd7 7. 0-0 Re8 8. Ne4 e5 9. d5 Nxe4 10. Bxe4 Nc5 11. Bc2 Bg4 12. h3 Bxf3 13. Qxf3 e4 14. Qe2 f5 15. a3 Qd7 16. Rb1 a5 17. b4 axb4 18. axb4 Na4 19. Bxa4 Rxa4 20. Qd2 Rea8 21. c5 Ra2 22. Qd1 Qa4 23. Qxa4 R8xa4 24. b5 dxc5 25. Rd1 Ra1 26. Bd2 Rxb1 27. Rxb1 Ra1 28. Rxa1 Bxa1 29. f3 Kf7 30. Kf2 Ke7 31. Kg3 Be5+ 32. f4 Bf6 33. Ba5 b6 34. Bd2 Kd6 35. Kf2 Kxd5 36. g4 c4 37. g5 Bg7 38. Ke2 Kc5 39. Kd1 Kxb5 40. Kc2 c3 41. Bxc3 Bxc3 42. Kxc3 Kc5 43. h4 b5 44. Kb3 b4 45. Kb2 Kc4 46. Kc2 b3+ 47. Kb2 Kb4 48. Kb1 Kc3 49. Kc1 b2+ 50. Kb1 c5 51. h5 c4 52. h6 Kd3 53. Kxb2 c3+ 54. Kc1 c2 55. Kb2 Kd2 56. Kb3 c1Q 57. Kb4 Qc6 58. Kb3 Qb5+ 59. Ka3 Kc2 60. Ka2 Qb2# 0-1